Statistics for Airlines That Serve St Louis (STL)

Click here to take the quiz!

General Stats

  • This quiz has been taken 29 times
  • The average score is 8 of 16

Answer Stats

CountryAnswer% Correct
USAAmerican Airlines
95%
USAUnited Airlines
86%
USADelta Air Lines
81%
USASouthwest Airlines
81%
USAAlaska Airlines
76%
USAFrontier Airlines
71%
USASpirit Airlines
67%
CanadaAir Canada Express
43%
USASun Country Airlines
38%
USAAmerican Eagle
33%
USAUnited Express
33%
USADelta Connection
24%
USACape Air
14%
USAAir Choice One
10%
USABoutique Air
10%
USAContour Airlines
0%

Score Distribution

Percentile by Number Answered

Percent of People with Each Score

Your Score History

You have not taken this quiz